| 000 | 00387nam a2200133Ia 4500 | ||
|---|---|---|---|
| 008 | 220216s9999 xx 000 0 und d | ||
| 100 | _aTjasadihardja Amin | ||
| 245 | 0 | _aLow intensity tapping with stimulation on GT 1 | |
| 260 | _bHevea 88: IRRDB, 2 August to 7 November 1988, Paris. pp.573-586. | ||
| 650 | _aGT 1 | ||
| 650 | _aStimulation | ||
| 650 | _aTapping systems | ||
| 942 | _cJS | ||
| 999 |
_c62310 _d62310 |
||